| 000 | 00387nam a2200157Ia 4500 | ||
|---|---|---|---|
| 008 | 230312s9999||||xx |||||||||||||| ||und|| | ||
| 020 | _a0-7339-8008-2 | ||
| 082 |
_a808.042 _bMUR-E |
||
| 100 | _aMurphy;Eamon | ||
| 245 | 0 | _aEssay Writing Made Simple | |
| 260 |
_bPearsons _aAustralia _c2007 |
||
| 300 | _a153 | ||
| 546 | _aEng. | ||
| 650 |
_aLiterature _vEnglish Literature |
||
| 942 | _cBK | ||
| 999 |
_c9325 _d9325 |
||